000 00737nam a2200253 a 4500
001 43519
003 BD-RjUL
005 20211209053717.0
008 160622s1948 nyuab b 000 0 eng
035 _a(BD-RjUL)43637
040 _aDLC
_cODaWU
_dOCoLC
_dDLC
_dBD-RjUL
_beng
041 _aeng
082 _223
_a526.98
_bRAG 1948
100 1 _aRaisz, Erwin
_9133688
245 1 0 _aGeneral cartography /
_cby, Erwin Raisz
250 _a2d ed.
260 _aNew York :
_bMcGraw-Hill Book Co.,
_c1948.
300 _axiii, 354 p.
_bill. ;
_c26 cm.
500 _aincludes index
650 0 _aCartography.
_9133690
830 _aMcGraw-Hill series in geography
_9133689
942 _2ddc
_cBK
999 _c43519
_d43519